| 000 | 00626nam a22001937a 4500 | ||
|---|---|---|---|
| 005 | 20150907144502.0 | ||
| 010 | _aENG-113464 | ||
| 020 |
_c400.00 _a9788170544722 |
||
| 035 | _aEN-96996 | ||
| 037 | _bDBAD/PUB | ||
| 082 | _a238.1 | ||
| 100 | _aRana, P.C.N. | ||
| 245 |
_aRaja Ram Mohun Roy : _cby P.C.N.Rana _bsocial religious and educational aspects of Brahmo Samaj / |
||
| 260 |
_aNew Delhi _bClassical Publishing _c2011 |
||
| 270 |
_a28, Shopping Centre, Karampura _bNew Delhi _e110056 |
||
| 300 |
_a143p. _c22cm(Hb) |
||
| 500 | _aIncludes bibliographical references | ||
| 942 |
_2ddc _cEN _mRAN _h238.1 |
||
| 999 |
_c94893 _d94893 |
||